Egy spondeus mögöt a csend

Bibliographic Details
Main Author: Gál, Sándor, 1937-2021 (Author)
Format: Book
Language:Hungarian
PhysicalDescription:75 s. 18 cm
Published: [Búcs Pro Búč - Pro Patria] 2016
ISBN:9788097185619
Subjects:

MARC

LEADER 00000nam a2200000 a 4500
001 vtls011611363
003 SK-MaSNL
005 20260302015349.0
008 240318s2016 xo g 000 p hun
015 |a SNBA2017/03 
020 |a 9788097185619  |q (brož.) 
035 |a urn:nbn:sk:snk-am00cwid 
035 |a urn:nbn:sk:snk-am3hn7a 
035 |a 728F5C0F-AEF7-4B1A-89BE-C4089532F368 
040 |a SNK  |b slo  |c SNK  |e AACR2 
041 0 |a hun 
044 |a xo  |c SK 
072 7 |a 821.511.1  |x Ugrofínske literatúry  |2 konspekt 
080 |a 821.511.141-1  |2 2011 
100 1 |a Gál, Sándor,  |d 1937-2021  |4 aut  |9 242772 
245 1 0 |a Egy spondeus mögöt a csend  |c Gál Sándor 
260 |a [Búcs  |b Pro Búč - Pro Patria]  |c 2016 
300 |a 75 s.  |c 18 cm 
500 |a Vydav. údaje podľa ISBN. V tir. vydavateľ: Búcsért Szülőföldünkért Alap 
655 7 |a maďarská poézia  |2 SNKPH  |9 70602 
655 7 |a Hungarian poetry  |2 SNKPHeng  |9 279235 
752 |a Slovensko  |d Búč 
919 |a 978-80-971856-1-9 
958 |a LX 
958 |a HU 
999 |c 1020821  |d 1022751 
952 |a SNK  |b SNK  |y PREZ  |7 0  |p 17A1253309  |o snkSD 86018  |i snk2017/4268  |8 0  |0 0  |1 0  |4 0  |d 2017-02-15  |f 1  |l 0  |r 2026-02-24 13:23:00  |w 2026-02-24 
952 |a SNK  |b SNK  |y VYP  |7 0  |p 17A1253310  |o snkSD 86018 D1  |i snk2017/4269  |8 0  |0 0  |1 0  |4 0  |d 2017-02-15  |l 0  |r 2026-02-24 13:23:00  |w 2026-02-24